Heat and thermodynamics: Theory, problems and solutions (Record no. 1715113)
[ view plain ]
| 000 -LEADER | |
|---|---|
| fixed length control field | 00310 a2200109 4500 |
| 000 - LEADER | |
| fixed length control field | nam a22 7a 4500 |
| 005 - DATE AND TIME OF LATEST TRANSACTION | |
| control field | 20260311123832.0 |
| 100 ## - MAIN ENTRY--PERSONAL NAME | |
| Personal name | Nandi, Upendranath |
| 9 (RLIN) | 1131663 |
| 245 ## - TITLE STATEMENT | |
| Title | Heat and thermodynamics: Theory, problems and solutions |
| 260 ## - PUBLICATION, DISTRIBUTION, ETC. | |
| Name of publisher, distributor, etc. | Cambridge University Press |
| Date of publication, distribution, etc. | 2025 |
| 942 ## - ADDED ENTRY ELEMENTS (KOHA) | |
| Koha item type | Audio Visual Collection |
| Withdrawn status | Lost status | Source of classification or shelving scheme | Damaged status | Not for loan | Home library | Current library | Date acquired | Source of acquisition | Cost, normal purchase price | Total Checkouts | Date last seen | Cost, replacement price | Price effective from | Koha item type |
|---|---|---|---|---|---|---|---|---|---|---|---|---|---|---|
| Colon Classification (CC) | Central Science Library | Central Science Library | 2026-03-18 | 103 | 1116.00 | 2026-03-18 | 1395.00 | 2026-03-18 | Audio Visual Collection | |||||
| Colon Classification (CC) | Central Science Library | Central Science Library | 2026-03-18 | 103 | 1116.00 | 2026-03-18 | 1395.00 | 2026-03-18 | Audio Visual Collection |
